| 000 | 00620nam a22001817a 4500 | ||
|---|---|---|---|
| 003 | UA-OsUOA | ||
| 001 | 19995 | ||
| 007 | ta | ||
| 008 | 20041012b un ||||| |||| 00| 0 ukr d | ||
| 100 | _aЯкубчик О. | ||
| 942 | _cSA | ||
| 040 |
_aUA-OsUOA _cUA-OsUOA _dUA-OsUOA |
||
| 245 |
_aСкарбниця мудрості й душевного тепла _bІсторія і сьогодення Здолбунів. центр. район. б-ки |
||
| 300 | _aС.11 | ||
| 955 | _a0 | ||
| 773 | 0 |
_w0 _tНове життя _dЗдолбунів _d2004 _g№76/78/2 жовт./ |
|
| 650 | 7 |
_aКраєзнавча робота _2UDC |
|
| 999 |
_c306168 _d306168 |
||